[Event "4NCL 2011-12"]
[Site "Staverton Park ENG"]
[Date "2011.11.12"]
[Round "1.12.2"]
[White "Ghasi,A"]
[Black "Poobalasingam,P"]
[Result "1-0"]
[WhiteElo "2400"]
[BlackElo "2264"]

1.Nf3 d5 2.g3 g6 3.Bg2 Bg7 4.d4 Nf6 5.O-O O-O 6.Nbd2 Nc6 7.c4 dxc4 8.Nxc4 Be6
9.b3 Bd5 10.Bb2 Qc8 11.e3 h6 12.Re1 Qe6 13.e4 Bxc4 14.bxc4 Qxc4 15.Bf1 Qb4
16.Rb1 Rad8 17.d5 Qc5 18.Qe2 Nb8 19.Bd4 Qa3 20.Rxb7 c6 21.Rxa7 Qb4 22.Qc2 Ng4
23.Bc5 Qc3 24.Qxc3 Bxc3 25.Rc1 Bb2 26.Rb1 Bf6 27.h3 cxd5 28.hxg4 dxe4 29.Ne1 Nc6
30.Rc7 Rc8 31.Rxc8 Rxc8 32.Ba6 Rd8 33.Bb7 Nd4 34.Kf1 e3 35.fxe3 Ne6 36.Bb4 Ng5
37.a4 Rb8 38.Ba3  1-0

[Event "TCh-CZE Liga 1 Zapad"]
[Site "Czech Rep CZE"]
[Date "2011.11.13"]
[Round "3.3"]
[White "Gross,Dav CZE"]
[Black "Tichy,Vl"]
[Result "1/2-1/2"]
[WhiteElo "2391"]
[BlackElo "2257"]

1.Nf3 d5 2.g3 Nf6 3.Bg2 c6 4.O-O Bg4 5.d3 Nbd7 6.Nbd2 e6 7.c4 Bc5 8.a3 a5
9.b3 O-O 10.Bb2 Re8 11.Qc2 Qe7 12.h3 Bxf3 13.Nxf3 e5 14.e4 Nh5 15.Kh2 d4
16.Bc1 g6 17.Qb2 b5 18.cxb5 cxb5 19.Bg5 Qd6 20.h4 Rac8 21.Bh3 b4 22.a4 Ba7
23.Bd2 Rc3 24.Bxd7 Qxd7 25.Bxc3 dxc3 26.Qe2 Ng7 27.Rad1 Bd4 28.Nxd4 Qxd4
29.f4 exf4 30.Rxf4 Ne6 31.Rf3 Qd7 32.Qf2 Nd4 33.Rxf7 Qxf7 34.Qxd4 Qxb3 35.Rf1 Rf8
36.Rxf8+ Kxf8 37.Qd8+ Kf7 38.Qd7+ Kf6 39.Qd8+  1/2-1/2

[Event "TCh-CZE Liga 1 Zapad"]
[Site "Czech Rep CZE"]
[Date "2011.11.13"]
[Round "3.7"]
[White "Pokrupa,M"]
[Black "Rehak,M"]
[Result "1/2-1/2"]
[WhiteElo "2222"]
[BlackElo "2129"]

1.g3 d5 2.Nf3 Nf6 3.Bg2 c6 4.c4 Bf5 5.cxd5 cxd5 6.Qb3 Qb6 7.Qxb6 axb6 8.Nc3 e6
9.d3 h6 10.Nd4 Bh7 11.Ndb5 Na6 12.Na4 Bb4+ 13.Bd2 Nd7 14.Rc1 Bxd2+ 15.Kxd2 Ke7
16.b3 Rhc8 17.Rxc8 Rxc8 18.Rc1 Rxc1 19.Kxc1 Nac5 20.Nac3 Nb8 21.Kd2 Nc6 22.d4 Nd7
23.e4 dxe4 24.Nxe4 Bxe4 25.Bxe4 Nf6 26.Bf3 Nd5 27.Bxd5 exd5 28.Nc7 Nxd4 29.Nxd5+ Kd6
30.Nxb6 Nf3+ 31.Ke2 Nxh2 32.f3 g5 33.g4 f5 34.gxf5 Ke5 35.Kf2 g4 36.Kg3 gxf3
37.Kxh2 Kxf5 38.Kg3 Ke4 39.Nc4 h5 40.Kf2 Kd3 41.Kxf3 Kc2 42.Na5 Kb2 43.Nxb7 Kxa2
44.b4 Kb3 45.b5 Kb4 46.Nd6 Kc5 47.Ne4+  1/2-1/2

[Event "TCh-HUN 2011-12"]
[Site "Decs HUN"]
[Date "2011.11.13"]
[Round "3"]
[White "Ribli,Z"]
[Black "Pap,G"]
[Result "1/2-1/2"]
[WhiteElo "2588"]
[BlackElo "2492"]

1.Nf3 d5 2.g3 c6 3.Bg2 Bg4 4.c4 Bxf3 5.Bxf3 e6 6.O-O g6 7.d4 Bg7 8.Qb3 Qb6
9.e3 Ne7 10.Qa3 Qd8 11.Bd2 O-O 12.Qb3 Qb6 13.Bb4 Re8 14.Nd2 Nf5 15.Rfc1 Nd7
16.Bg2 a5 17.Bc3 Qa7 18.Qd1 e5 19.cxd5 exd4 20.exd4 Nxd4 21.Bxd4 Bxd4 22.dxc6 bxc6
23.Bxc6 Bxf2+ 24.Kg2 Rad8 25.Ne4 Bd4 26.Nd6 Re5 27.Rc4 Nb8 28.Qxd4 Nxc6 29.Qxa7 Nxa7
30.Ne4 f5 31.Rc7 Rxe4 32.Rxa7 Rd2+ 33.Kf3 g5 34.g4 h5 35.gxf5 Rde2 36.Ra8+ Kf7
37.Ra7+ Kf8 38.Ra8+ Kf7 39.Ra7+ Ke8 40.Ra8+ Ke7 41.Ra7+ Kf8  1/2-1/2

[Event "15th Zenica Int"]
[Site "Zenica BIH"]
[Date "2011.11.13"]
[Round "1.2"]
[White "Dizdarevic,E"]
[Black "Kojic,T"]
[Result "0-1"]
[WhiteElo "2485"]
[BlackElo "2289"]

1.Nf3 d5 2.g3 c6 3.Bg2 Bg4 4.c4 e6 5.Ne5 Bh5 6.cxd5 exd5 7.d4 Nd7 8.Nd3 Ngf6
9.Nc3 Qb6 10.Nf4 Bg6 11.O-O Bd6 12.Nxg6 hxg6 13.Rb1 a5 14.e4 Nxe4 15.Bxe4 dxe4
16.Nxe4 Be7 17.d5 O-O-O 18.Be3 Qb4 19.dxc6 Ne5 20.cxb7+ Kxb7 21.Qe2 Rd3 22.f3 f5
23.Nf2 Rd5 24.Rfd1 Rhd8 25.Rxd5 Rxd5 26.Rd1 Rxd1+ 27.Qxd1 Qb5 28.Kg2 Qc6
29.Bd4 Nc4 30.b3 Na3 31.Bxg7 Nc2 32.Qe2 Bg5 33.Nd1 Nb4 34.Bd4 Bd8 35.a3 Nc2
36.Qd3 Ne1+  0-1

[Event "21st World Seniors"]
[Site "Rijeka CRO"]
[Date "2011.11.15"]
[Round "1.25"]
[White "Capece,A"]
[Black "Klundt,K"]
[Result "0-1"]
[WhiteElo "2043"]
[BlackElo "2383"]

1.Nf3 d5 2.g3 Nf6 3.Bg2 c6 4.d4 Bf5 5.Nbd2 e6 6.Ne5 Nbd7 7.Ndf3 Be7 8.c3 O-O
9.Bf4 Nxe5 10.Nxe5 Nd7 11.Nxd7 Qxd7 12.f3 c5 13.g4 Bg6 14.h4 h5 15.e3 Bd6
16.Bxd6 Qxd6 17.f4 Qb6 18.Qd2 hxg4 19.h5 Bf5 20.Kf2 f6 21.Bf1 cxd4 22.exd4 e5
23.Bg2 Rad8 24.h6 exd4 25.cxd4 Rfe8 26.hxg7 Kxg7 27.Rhe1 Be4 28.Rh1 Rc8 29.Bxe4 Rxe4
30.Kg3 Qxd4 31.Qxd4 Rxd4 32.Kxg4 Rcc4 33.Raf1 Kg6 34.Rh8 f5+ 35.Kg3 Rd3+
36.Rf3 Rxf3+ 37.Kxf3 Rc2 38.Rg8+ Kf7 39.Rd8 Rxb2 40.Rxd5 Ke6 41.Re5+ Kf6
42.Ra5 a6 43.Ra4 Ke6 44.Ra5 Rh2 45.Re5+ Kf6 46.Ra5 Rh3+ 47.Kg2 Rc3 48.Kf2 Rc6
49.Kf3 b5 50.Ke3 Ke6 51.Ra3 Kd5 52.Rd3+ Kc4 53.Rd4+ Kc5 54.Rd8 Re6+ 55.Kf3 Rd6
56.Re8 a5 57.Kg3 b4 58.Kh4 a4 59.Kg5 Rd5 60.Rc8+ Kb5 61.Rb8+ Kc4 62.Ra8 a3
63.Rc8+ Rc5 64.Rb8 Kc3 65.Rb7 Rc4 66.Kxf5 Kb2 67.Ke5 Kxa2 68.f5 b3 69.f6 b2
70.f7 Rc8  0-1

[Event "15th Zenica Int"]
[Site "Zenica BIH"]
[Date "2011.11.15"]
[Round "4.5"]
[White "Dizdarevic,E"]
[Black "Trkulja,G"]
[Result "1/2-1/2"]
[WhiteElo "2485"]
[BlackElo "2371"]

1.Nf3 d5 2.g3 Nc6 3.d4 Bg4 4.Bg2 Qd7 5.O-O f6 6.c4 e6 7.cxd5 exd5 8.a3 Bh3
9.Bxh3 Qxh3 10.Nc3 O-O-O 11.Qd3 Nge7 12.b4 Qf5 13.Rd1 Qxd3 14.Rxd3 a6 15.b5 axb5
16.Nxb5 Nf5 17.Bd2 Nd6 18.Nxd6+ Bxd6 19.a4 Rhe8 20.e3 Kd7 21.a5 Ra8 22.Rb1 Nd8
23.Rdb3 Kc8 24.Ne1 c6 25.Nd3 Ra7 26.Bc3 Ne6 27.Bb4 Bxb4 28.Nxb4 Nc7 29.a6 Nxa6
30.Nxa6 bxa6 31.Rb8+ Kd7 32.R8b7+ Rxb7 33.Rxb7+ Kd6 34.Ra7 Re7 35.Rxa6 Rb7
36.g4 g5 37.Kg2 h5 38.h3 h4  1/2-1/2

[Event "5th Mediterranean Open"]
[Site "Rijeka CRO"]
[Date "2011.11.16"]
[Round "6.7"]
[White "Lazic,Mir"]
[Black "Dimitrov,Pa"]
[Result "1/2-1/2"]
[WhiteElo "2459"]
[BlackElo "2353"]

1.g3 d5 2.Nf3 c5 3.Bg2 Nc6 4.O-O e5 5.d3 Nf6 6.c4 d4 7.e3 dxe3 8.fxe3 Be7
9.Nc3 O-O 10.a3 e4 11.dxe4 Qxd1 12.Rxd1 Bg4 13.Bd2 Rfe8 14.h3 Bh5 15.g4 Bg6
16.e5 Ne4 17.Be1 Nxc3 18.Bxc3 Be4 19.Rd7 b6 20.e6 fxe6 21.Ng5 Bxg2 22.Kxg2 Rad8
23.Rad1 e5 24.Nf3 e4 25.Ng1 Rxd7 26.Rxd7 Bf6 27.Bxf6 gxf6 28.b3 Na5 29.Rxa7 Nxb3
30.Rb7 Na5 31.Rxb6 Nxc4 32.Rb3 Ne5 33.Ne2 Rd8 34.Ng3 c4 35.Rc3 Rd2+ 36.Kf1 Rh2
37.Nxe4 Rxh3 38.Nxf6+ Kf7 39.Ne4 Rh1+ 40.Kg2 Rd1 41.Kf2 Ke6 42.Ng5+ Kd5 43.Nxh7 Nxg4+
44.Kf3 Rg1 45.Kf4 Ne5 46.Kf5 Rf1+ 47.Kg5 Ke6 48.e4 Kf7 49.a4 Kg7 50.a5 Kxh7
51.a6 Rf7 52.Ra3 Ra7 53.Kf5 Nd3 54.Rc3 Rxa6 55.Rxc4 Kg7 56.Rc7+ Kf8 57.e5 Nb4
58.Rc8+ Ke7 59.Rc7+ Ke8 60.Rc8+ Kd7 61.Rc1 Ra2 62.e6+ Kd6 63.Rd1+ Nd5 64.e7 Re2
65.Kg5 Rxe7 66.Kg6 Re4 67.Kf5 Rf4+ 68.Kg5 Rf2 69.Kg6 Rf3 70.Kg5 Ke5 71.Re1+ Ne3
72.Re2 Rg3+ 73.Kh4 Rg8 74.Ra2 Ng2+ 75.Kh3 Nf4+ 76.Kh4 Nd3 77.Ra5+ Kf4 78.Ra4+ Kf5
79.Ra5+ Ne5 80.Ra1 Nf3+ 81.Kh3 Nd2 82.Ra5+ Kf4 83.Ra4+ Ne4 84.Ra7 Nf2+ 85.Kh2 Ne4
86.Rf7+ Ke3 87.Ra7 Kf3 88.Rf7+ Ke2 89.Ra7 Kf3 90.Rf7+ Ke3 91.Ra7 Nd2 92.Kh3 Ne4
93.Ra1 Kf3 94.Ra3+ Kf4 95.Ra4 Rg7 96.Kh2 Rg4 97.Kh3 Rg6 98.Kh2 Kf3 99.Ra3+ Ke2
100.Ra2+ Nd2 101.Kh3 Rg8 102.Ra3 Nc4 103.Ra4 Ne3 104.Kh4 Kf3 105.Kh5 Ng4
106.Ra3+ Kf4 107.Ra4+ Kf5 108.Ra5+ Ne5 109.Kh4 Rg1 110.Kh3 Kf4 111.Ra4+ Ke3
112.Ra3+ Nd3 113.Kh4 Ke4 114.Ra4+ Kf5  1/2-1/2

[Event "21st World Seniors"]
[Site "Rijeka CRO"]
[Date "2011.11.18"]
[Round "4.26"]
[White "Sorensen,B"]
[Black "Buxade Roca,G"]
[Result "1-0"]
[WhiteElo "2321"]
[BlackElo "2165"]

1.Nf3 d5 2.g3 c6 3.Bg2 Bg4 4.d3 Nd7 5.O-O Ngf6 6.b3 e6 7.Bb2 Bc5 8.Nbd2 O-O
9.e4 Qb6 10.a3 Rfd8 11.h3 dxe4 12.hxg4 exf3 13.Qxf3 a5 14.g5 Ne8 15.Rfe1 Nf8
16.Nc4 Qc7 17.Be5 Qe7 18.Bc3 Bd4 19.Bxd4 Rxd4 20.Re5 Rd5 21.Rae1 Ng6 22.Rxd5 exd5
23.Nb6 Rd8 24.c4 Qc7 25.Na4 dxc4 26.dxc4 b6 27.Qxc6 Qd6 28.Qxb6 Qd2 29.Qe3 Qa2
30.Bc6 Qxa3 31.Qb6 Qd6 32.Qxa5 Nc7 33.Bf3  1-0

[Event "21st World Seniors"]
[Site "Rijeka CRO"]
[Date "2011.11.18"]
[Round "4.28"]
[White "Jacobsen,Bo"]
[Black "Kierzek,Ma"]
[Result "1-0"]
[WhiteElo "2317"]
[BlackElo "2152"]

1.Nf3 d5 2.g3 g6 3.Bg2 Bg7 4.O-O e5 5.c4 dxc4 6.Na3 Be6 7.Qc2 Nc6 8.Nxc4 Nge7
9.d3 O-O 10.Rb1 Rb8 11.a3 Nf5 12.e3 Nd6 13.b3 e4 14.dxe4 Nxe4 15.Bb2 Bxb2
16.Qxb2 Qf6 17.Qc2 Ng5 18.Nxg5 Qxg5 19.b4 Qh5 20.Qc3 Qb5 21.Rfc1 Rfd8 22.Na5 Rd3
23.Qc2 Rxa3 24.Bxc6 bxc6 25.Nxc6 Re8 26.Nd4 Qd5 27.Nxe6 Qxe6 28.Qxc7 Rxe3
29.Qxa7 Re2 30.Qd4 Re4 31.Qd2 h5 32.b5 Qb6 33.Rc6 Qb7 34.h4 R8e5 35.Qc3 Rxb5
36.Rc8+  1-0

[Event "5th Mediterranean Open"]
[Site "Rijeka CRO"]
[Date "2011.11.18"]
[Round "8.12"]
[White "Sale,S"]
[Black "Ostovic,M"]
[Result "1/2-1/2"]
[WhiteElo "2386"]
[BlackElo "2302"]

1.Nf3 d5 2.g3 c6 3.Bg2 Bg4 4.O-O Nd7 5.d3 e6 6.Nbd2 Bd6 7.h3 Bh5 8.c4 Ngf6
9.b3 O-O 10.Bb2 Qe7 11.a3 e5 12.Nh4 Bg6 13.Nxg6 hxg6 14.b4 Rad8 15.cxd5 cxd5
16.Qb3 e4 17.dxe4 dxe4 18.Nc4 Bb8 19.Rfd1 Ne5 20.Ne3 a6 21.Bd4 Rfe8 22.Rac1 Nc6
23.Bxf6 Qxf6 24.Rxd8 Rxd8 25.Qb1 Nd4 26.Re1 Re8 27.Ng4 Qg5 28.e3 Nf3+ 29.Bxf3 exf3
30.Qd1 Qh5 31.Qxf3 Qxh3 32.Rd1 Rc8 33.Nh2 b6 34.Nf1 Qe6 35.Qb7 b5 36.Rd7 Re8
37.Kg2 Be5 38.Nd2 Bb2 39.Nf3 Bf6 40.Rc7 g5 41.Rd7 g4 42.Nd4 Bxd4 43.Rxd4 g6
44.Qd7 Qxd7 45.Rxd7 Re6 46.Rd4 f5 47.Rd7 Rc6 48.Ra7 Kf8 49.Kf1 Kg8 50.Ke2 Kf8
51.Kd3 Rd6+ 52.Kc3 Kg8  1/2-1/2

[Event "25th British Rapidplay"]
[Site "Leeds ENG"]
[Date "2011.11.19"]
[Round "2"]
[White "Davies,Ni"]
[Black "Burnett,J"]
[Result "1-0"]
[WhiteElo "2494"]
[BlackElo "2137"]

1.g3 d5 2.Nf3 c6 3.Bg2 Bf5 4.d3 e6 5.Nbd2 Nf6 6.O-O Be7 7.Qe1 h6 8.e4 Bh7
9.Kh1 O-O 10.Ne5 Nbd7 11.Nxd7 Nxd7 12.f4 Re8 13.g4 dxe4 14.dxe4 e5 15.f5 Bg5
16.Nf3 Bxc1 17.Rxc1 Nf6 18.Rg1 Kh8 19.Bf1 Qe7 20.Bd3 Rg8 21.Qh4 Rae8 22.g5 hxg5
23.Nxg5 g6 24.Rcf1 Rg7 25.fxg6 fxg6 26.Bc4 Nh5 27.Rf7 Rxf7 28.Nxf7+ Kg7 29.Qxh5 Rh8  1-0

[Event "TCh-FIN SM-Liiga 2011-12"]
[Site "Turku FIN"]
[Date "2011.11.19"]
[Round "5.5"]
[White "Halmeenmaki,T"]
[Black "Lain,L"]
[Result "0-1"]
[WhiteElo "2166"]
[BlackElo "2234"]

1.Nf3 d5 2.g3 c5 3.Bg2 Nc6 4.O-O e5 5.d3 f6 6.e4 Nge7 7.c3 Be6 8.Nbd2 Qd7
9.Qe2 d4 10.cxd4 cxd4 11.a3 Ng6 12.b4 b5 13.h4 Bd6 14.Nh2 O-O 15.h5 Nge7
16.f4 h6 17.Ndf3 a5 18.fxe5 fxe5 19.Bd2 axb4 20.axb4 Rxa1 21.Rxa1 Nxb4 22.Bxb4 Bxb4
23.Nxe5 Qc7 24.Rb1 Bd6 25.Nef3 Bxg3 26.Rxb5 Qc1+ 27.Nf1 Bg4 28.Qb2 Qf4 29.Nxg3 Qxg3
30.Qf2 Rxf3  0-1

[Event "15th Zenica Int"]
[Site "Zenica BIH"]
[Date "2011.11.19"]
[Round "9.5"]
[White "Kojic,T"]
[Black "Muratovic,En"]
[Result "1/2-1/2"]
[WhiteElo "2289"]
[BlackElo "2305"]

1.Nf3 d5 2.g3 c6 3.Bg2 Bg4 4.Ne5 Bh5 5.d4 Nd7 6.Nd3 e6 7.O-O Bd6 8.Bf4 Bxf4
9.Nxf4 Bg6 10.Nd2 Qb6 11.Nxg6 hxg6 12.Nb3  1/2-1/2

[Event "TCh-BEL 2011-12"]
[Site "Belgium BEL"]
[Date "2011.11.20"]
[Round "4.2"]
[White "Zaragatski,I"]
[Black "Drabke,L"]
[Result "1-0"]
[WhiteElo "2474"]
[BlackElo "2463"]

1.Nf3 d5 2.g3 c6 3.Bg2 Bg4 4.c4 Nf6 5.Ne5 Be6 6.cxd5 Bxd5 7.Nf3 c5 8.Nc3 Bc6
9.O-O e6 10.d3 Be7 11.e4 O-O 12.Qe2 Qb6 13.Be3 Rd8 14.Rfd1 Nbd7 15.Qc2 Ng4
16.Bc1 Nde5 17.h3 Nxf3+ 18.Bxf3 Ne5 19.Be2 Be8 20.Be3 Rac8 21.Rac1 Nc6 22.Qb1 Nd4
23.Bf1 Bf6 24.Ne2 a5 25.Nxd4 Bxd4 26.Bxd4 Rxd4 27.Rc3 Qd6 28.Qc1 b6 29.Qe3 Rd8
30.a3 Bc6 31.Rdc1 Bb5 32.Rd1 Bc6 33.Rdc1 Bb5 34.Rd1 c4 35.e5 Qd7 36.Rdc1 cxd3
37.Rc7 Qd5 38.Bg2 d2 39.Bxd5 R4xd5 40.Rd1 Rd3 41.Qf4  1-0

[Event "TCh-FIN SM-Liiga 2011-12"]
[Site "Helsinki FIN"]
[Date "2011.11.20"]
[Round "6.2"]
[White "Sepp,O"]
[Black "Kauppila,O"]
[Result "1-0"]
[WhiteElo "2485"]
[BlackElo "2293"]

1.Nf3 d5 2.g3 Bg4 3.Bg2 Nd7 4.d3 e6 5.O-O Bd6 6.c4 c6 7.cxd5 cxd5 8.Nc3 Ne7
9.Nb5 Bb8 10.Qb3 Nc6 11.Bg5 f6 12.Be3 Qe7 13.Nc7+ Bxc7 14.Qxb7 Kf7 15.Qxc6 Bxf3
16.exf3 Ne5 17.Qc2 Bb6 18.Bxb6 axb6 19.f4 Rhc8 20.Qe2 Nc6 21.f5 Nd4 22.fxe6+ Kg8
23.Qh5 Rc5 24.Qf7+ Qxf7 25.exf7+ Kf8 26.b4 Rc3 27.Bxd5 Rd8 28.Bg2 Ra3 29.Rfd1 Kxf7
30.Kf1 Nc2 31.Rab1 Rxa2 32.b5 Nd4 33.Rdc1 Rd7 34.Rc8 Rd2 35.Rb8 Re7 36.Bd5+ Kg6
37.Be4+ f5 38.Rxb6+ Kh5 39.Rb7 Re6 40.Rb4 fxe4 41.Rxd4 Rf6 42.Rxe4 Rfxf2+
43.Ke1 Rxh2 44.Rxg7 Kh6 45.Rgg4 Rb2 46.Rh4+ Rxh4 47.gxh4 Rxb5 48.Kd2 Kg6
49.Ke3 Kf6 50.Kd4 Rb8 51.Rf4+ Ke6 52.Ke4 Rb1 53.Rg4 Rh1 54.Rf4 h5 55.Kd4 Kd6
56.Ke3 Rh3+ 57.Ke4 Ke6 58.d4 Rh1 59.d5+ Kd6 60.Rf6+ Ke7 61.Rh6 Rxh4+ 62.Ke5 Ra4
63.Rh7+ Kd8 64.Ke6 Ra1 65.Rh8+ Kc7 66.d6+  1-0

[Event "Femida Cup Men"]
[Site "Kharkiv UKR"]
[Date "2011.11.20"]
[Round "1"]
[White "Onischuk,V"]
[Black "Musakaev,E"]
[Result "0-1"]
[WhiteElo "2518"]
[BlackElo "2363"]

1.Nf3 d5 2.g3 c6 3.Bg2 Bg4 4.d3 Nd7 5.Nbd2 e5 6.h3 Bh5 7.e4 Ngf6 8.Qe2 dxe4
9.dxe4 Bc5 10.O-O O-O 11.Re1 Re8 12.Nf1 Nf8 13.c3 a5 14.Bg5 Ne6 15.Rad1 Qe7
16.Bc1 Qc7 17.Qc2 Nd7 18.Ne3 f6 19.Nf5 Rad8 20.a3 Bf8 21.Be3 b5 22.a4 Nb6
23.axb5 cxb5 24.Bxb6 Qxb6 25.Ne3 b4 26.Nd5 Qc6 27.Ra1 bxc3 28.bxc3 Ra8 29.Nh4 a4
30.Nf5 Nc5 31.Bf1 Nb3 32.Rab1 Rab8 33.Nfe3 Bf7 34.Bc4 Nc5 35.Qa2 Nxe4 36.Rxb8 Rxb8
37.Nf5 Qd7 38.Nde7+ Bxe7 39.Bxf7+ Kf8 40.Be6 Qd2 41.Rxe4 Rb2 42.Qxb2 Qxb2
43.Rxa4 Qb6 44.Ra8+ Bd8 45.Ba2 g6 46.Ne3 Kg7 47.g4 h5 48.gxh5 f5 49.hxg6 Kxg6
50.Bc4 Qb1+ 51.Kh2 Bc7 52.Rg8+ Kh7 53.Rg1 Qb2 54.Bg8+ Kh8 55.Nd5 Qxf2+ 56.Rg2 e4+
57.Nxc7 Qf4+ 58.Kh1 Qxc7 59.c4 f4 60.Bd5 Qe5 61.Re2 e3 62.Bf3 Qa1+ 63.Kg2 Qc3
64.Bd5 Qg7+ 65.Kf1 Qg3 66.Rg2 Qxh3 67.Ke2 Qh5+ 68.Bf3 Qf5 69.Rg4 Qc2+  0-1

[Event "TCh-FIN SM-Liiga 2011-12"]
[Site "Sastamala FIN"]
[Date "2011.11.20"]
[Round "6.5"]
[White "Halmeenmaki,T"]
[Black "Ahvenjarvi,Jani"]
[Result "0-1"]
[WhiteElo "2166"]
[BlackElo "2118"]

1.Nf3 d5 2.g3 Nf6 3.Bg2 c6 4.O-O Bg4 5.d3 Nbd7 6.Nbd2 e5 7.e4 dxe4 8.dxe4 h6
9.Qe2 Bc5 10.h3 Be6 11.b3 Qc7 12.Bb2 O-O 13.Nc4 Bxc4 14.Qxc4 Rfe8 15.a4 a5
16.Rad1 Bf8 17.Rfe1 Nc5 18.Nd2 Rab8 19.Qf1 b5 20.axb5 cxb5 21.f4 Bd6 22.f5 Na6
23.c3 Nc5 24.Kh1 Bf8 25.Re3 Qb6 26.Qf3 Rbd8 27.c4 b4 28.Nf1 a4 29.Rxd8 Qxd8
30.bxa4 Nxa4 31.Ba1 Nc5 32.Qe2 Qa5 33.Bb2 Na4 34.Rd3 Bc5 35.Ne3 Nxb2 36.Qxb2 Bd4
37.Qb3 Nd7  0-1

[Event "21st World Seniors"]
[Site "Rijeka CRO"]
[Date "2011.11.21"]
[Round "6.29"]
[White "Sorensen,B"]
[Black "Hohler,P"]
[Result "1/2-1/2"]
[WhiteElo "2321"]
[BlackElo "2193"]

1.Nf3 d5 2.g3 c6 3.Bg2 Nf6 4.b3 Bf5 5.Bb2 e6 6.d3 h6 7.Nbd2 Be7 8.O-O O-O
9.Qe1 Bh7 10.e4 a5 11.a3 Na6 12.Qe2 Nc5 13.Nd4 a4 14.b4 Ncd7 15.Rfe1 dxe4
16.dxe4 c5 17.bxc5 Nxc5 18.Nb5 Qa5 19.Rab1 Rfd8 20.Nc4 Qxb5 21.Bxf6 Qe8 22.Be5 Ra6
23.Bc7 Rc8 24.Bb6 Nd7 25.Be3 Rac6 26.Na5 Rxc2 27.Qb5 Nc5 28.Qxe8+ Rxe8 29.f3 Rc3
30.Rbc1 Rxc1 31.Rxc1 Nb3 32.Nxb3 axb3 33.Rb1 Ra8 34.Bf1 Rxa3 35.Bc1 Bc5+
36.Kg2 Ra2+ 37.Kh3 f5 38.Rxb3 fxe4 39.Bc4 b6 40.Bxe6+ Kf8 41.Be3 Bxe3 42.Rxe3 Ra4
43.fxe4 Rxe4 44.Rf3+ Ke8 45.Bf7+ Kd7 46.Bd5 Re5 47.Rf7+ Re7 48.Rf8 Kd6 49.Bb3 Re5
50.Rb8 b5 51.Bd1 Bf5+ 52.g4 Bd7 53.Kg3 Bc6 54.Rd8+ Kc5 55.Kf4 Re7 56.Kf5 Be4+
57.Kf4 g5+ 58.Kg3 Bc6 59.Bc2 Rd7 60.Rh8 Rd6 61.h4 gxh4+ 62.Kxh4 Kc4 63.Kh5 Bf3
64.Bf5 Rf6 65.Bc8 b4 66.Rxh6 Rxh6+ 67.Kxh6 b3 68.Bf5 Bxg4  1/2-1/2

[Event "21st World Seniors"]
[Site "Rijeka CRO"]
[Date "2011.11.22"]
[Round "7.6"]
[White "Karasev,Vl"]
[Black "Kovacevic,Vlat"]
[Result "0-1"]
[WhiteElo "2377"]
[BlackElo "2482"]

1.Nf3 d5 2.g3 c6 3.Bg2 Bg4 4.h3 Bh5 5.d3 Nd7 6.O-O e6 7.Qe1 Bd6 8.e4 Ne7
9.Nbd2 O-O 10.b3 a5 11.a4 Nc5 12.Bb2 Na6 13.Qe3 Nb4 14.Rfc1 h6 15.c3 Na6
16.c4 Nb4 17.cxd5 cxd5 18.Nd4 e5 19.g4 exd4 20.Bxd4 Bg6 21.e5 Bc7 22.f4 Nec6
23.Bc5 Re8 24.Bf1 f6 25.e6 f5 26.Nf3 Qf6 27.Nd4 fxg4 28.Re1 Bxf4  0-1

[Event "21st World Seniors"]
[Site "Rijeka CRO"]
[Date "2011.11.23"]
[Round "8.7"]
[White "Sloth,J"]
[Black "Suba,M"]
[Result "0-1"]
[WhiteElo "2349"]
[BlackElo "2458"]

1.g3 d5 2.Nf3 c6 3.Bg2 Bg4 4.d3 Nd7 5.h3 Bh5 6.g4 Bg6 7.Nh4 e6 8.Nxg6 hxg6
9.e3 Be7 10.Nc3 Ngf6 11.Bd2 Qc7 12.Qe2 b5 13.a3 a5 14.a4 b4 15.Na2 Rb8 16.Nc1 c5
17.c4 bxc3 18.Bxc3 O-O 19.g5 Nh5 20.Bf3 d4 21.Bd2 Bxg5 22.Bxh5 dxe3 23.Bxe3 Bxe3
24.fxe3 gxh5 25.Rg1 Qe5 26.Ra2 Nf6 27.e4 c4 28.dxc4 Nxe4  0-1

[Event "21st World Seniors"]
[Site "Rijeka CRO"]
[Date "2011.11.23"]
[Round "8.28"]
[White "Jacobsen,Bo"]
[Black "Grabow,P"]
[Result "1/2-1/2"]
[WhiteElo "2317"]
[BlackElo "2181"]

1.Nf3 d5 2.g3 Bf5 3.Bg2 Nf6 4.O-O e6 5.d3 h6 6.Nbd2 Be7 7.c4 c6 8.b3 O-O
9.Bb2 a5 10.a3 Nbd7 11.Rc1 Bh7 12.Rc2 Ne8 13.Qa1 Bf6 14.Rb1 Bxb2 15.Qxb2 Nef6
16.b4 axb4 17.axb4 Qe7 18.Ne5 Ra4 19.b5 c5 20.Nxd7 Nxd7 21.Ra1 Rb4 22.Qa2 dxc4
23.Nxc4 Rxb5 24.Qa4 Rb4 25.Qa7 b5 26.Na5 Qf6 27.Nc6 Rb2 28.Rac1 Rxc2 29.Rxc2 c4
30.Ra2 Ne5 31.d4 Nxc6 32.Bxc6 b4 33.Qc5 c3 34.Qxb4 c2 35.Ra1 Rc8 36.Rc1 Qd8
37.Ba4 Qc7 38.f3 Qc4 39.Qxc4 Rxc4 40.Bb3 Rc3 41.Ba4 Rc4 42.Bb3  1/2-1/2

[Event "21st World Seniors"]
[Site "Rijeka CRO"]
[Date "2011.11.24"]
[Round "9.38"]
[White "Zhelesny,S"]
[Black "Simon Padros,E"]
[Result "1/2-1/2"]
[WhiteElo "2159"]
[BlackElo "2258"]

1.Nf3 d5 2.g3 Bg4 3.Bg2 Nc6 4.d4 Qd7 5.h3 Bxf3 6.exf3 O-O-O 7.f4 f5 8.c3 Nf6
9.Be3 e6 10.Nd2 h6 11.Qe2 Kb8 12.b4 Bd6 13.Nb3 Ne4 14.Bxe4 fxe4 15.b5 Ne7  1/2-1/2

[Event "XII Puhajarve Handicap"]
[Site "Puhajarve EST"]
[Date "2011.11.25"]
[Round "11"]
[White "Seeman,T"]
[Black "Ehlvest,J"]
[Result "1/2-1/2"]
[WhiteElo "2400"]
[BlackElo "2594"]

1.g3 d5 2.Nf3 c6 3.Bg2 Bg4 4.O-O Nd7 5.d3 e6 6.Nbd2 Ngf6 7.h3 Bh5 8.e4 Be7
9.Qe2 O-O 10.Re1 a5 11.a3 a4 12.Nf1 Ne8 13.g4 Bg6 14.Ng3 Nc7 15.Bf4 Bf6 16.e5 Be7
17.g5 c5 18.h4 d4 19.h5 Bf5  1/2-1/2

[Event "XII Puhajarve Handicap"]
[Site "Puhajarve EST"]
[Date "2011.11.25"]
[Round "19"]
[White "Seeman,T"]
[Black "Valgmae,Toomas"]
[Result "1-0"]
[WhiteElo "2400"]
[BlackElo "2208"]

1.Nf3 d5 2.g3 Nf6 3.Bg2 Bf5 4.O-O c6 5.d3 e6 6.c4 Nbd7 7.Be3 Bc5 8.Bxc5 Nxc5
9.Nbd2 O-O 10.Qc2 h6 11.cxd5 Qxd5 12.e4 Qxd3 13.Qxd3 Nxd3 14.exf5 exf5 15.b3 Rad8
16.Nc4 Ne4 17.Nfe5 Nexf2 18.Rxf2 Nxf2 19.Kxf2 Rfe8 20.Nf3 Rd3 21.Rc1 g6 22.Rc2 f6
23.Bf1 Rd7 24.Na5 Red8 25.b4 Kg7 26.Nb3 Re8 27.Nc5 Rde7 28.Bc4 b6 29.Nd3 g5
30.Bb3 Rc7 31.Nd4 Kg6 32.Be6 f4 33.gxf4 gxf4 34.Nxf4+ Kh7 35.Kf3 c5 36.Bf5+ Kh8
37.Nde6 Rc6 38.bxc5 bxc5 39.Rg2 Ra6 40.Ng6+ Kg8 41.Ne5+  1-0

[Event "XII Puhajarve Handicap"]
[Site "Puhajarve EST"]
[Date "2011.11.25"]
[Round "22"]
[White "Sepp,O"]
[Black "Lauk,U"]
[Result "1/2-1/2"]
[WhiteElo "2486"]
[BlackElo "2394"]

1.Nf3 d5 2.g3 Bg4 3.Bg2 c6 4.d3 Nd7 5.O-O Ngf6 6.c4 dxc4 7.dxc4 Bxf3 8.Bxf3 Ne5
9.Nd2 Nxf3+ 10.Nxf3 e6 11.Be3 Be7 12.Qxd8+ Bxd8 13.Rfd1 Bb6 14.Bxb6 axb6
15.Rd3 Ke7 16.Ne5 Rhd8 17.a3 Rxd3 18.Nxd3 Rd8  1/2-1/2

[Event "Frauenbundesliga 2011-12"]
[Site "Germany GER"]
[Date "2011.11.26"]
[Round "3.2"]
[White "Michna, Marta"]
[Black "Madl, Ildiko"]
[Result "1-0"]
[WhiteElo "2396"]
[BlackElo "2399"]

1.Nf3 d5 2.g3 c6 3.Bg2 Bg4 4.d3 Nf6 5.O-O Nbd7 6.c4 e6 7.cxd5 cxd5 8.Nc3 Be7
9.h3 Bh5 10.e4 Nb6 11.g4 Bg6 12.Ne5 dxe4 13.dxe4 Qxd1 14.Rxd1 Bb4 15.Nb5 O-O
16.Nxg6 hxg6 17.Be3 e5 18.Rac1 Rfd8 19.Rxd8+ Rxd8 20.Nxa7 Nfd7 21.Rc7 Rb8
22.Nb5 Kf8 23.g5 Be7 24.h4 Bd8 25.Rc2 f6 26.Bh3 Ke7 27.Bd2 Kf7 28.a4 Nf8
29.a5 Nbd7 30.Nd6+ Kg8 31.b4 Be7 32.Nc8 Bc5 33.bxc5 Rxc8 34.a6  1-0

[Event "21st World Seniors"]
[Site "Rijeka CRO"]
[Date "2011.11.26"]
[Round "11.28"]
[White "Harestad,T"]
[Black "Dragasevic,S"]
[Result "1/2-1/2"]
[WhiteElo "2172"]
[BlackElo "2256"]

1.Nf3 d5 2.g3 Nf6 3.Bg2 c6 4.O-O Bg4 5.c4 e6 6.cxd5 exd5 7.h3 Bf5 8.d3 Bc5
9.Nbd2 O-O 10.Qc2 Na6 11.a3 h6 12.b4 Bb6 13.Bb2 Re8 14.Nb3 Nc7 15.Nfd4 Bc8
16.a4 Ne6 17.Nxe6 Rxe6 18.Nd4 Bxd4 19.Bxd4 Qe7 20.Qc3 Rxe2 21.Be3 Bf5 22.g4 Bg6
23.Qd4 Rc2 24.Bf3 b6 25.Rfc1 c5 26.bxc5 bxc5 27.Qf4 Rxc1+ 28.Rxc1 Rc8 29.d4 c4
30.Qe5 Qd7 31.Bxh6 Re8 32.Qf4 Ne4 33.Bg5 f6 34.Bh4 Qxa4 35.g5 fxg5 36.Bxg5 Qd7
37.Bg4 Qf7 38.Qxf7+ Bxf7 39.Bf4 Be6 40.Ra1 Bxg4 41.hxg4 Re7 42.Ra5 Rd7 43.Kf1 Nf6
44.g5 Nh5 45.Be5 Kf7 46.Ra6 Ke7 47.Ke2 Rb7 48.Kf3 Rb6 49.Rxa7+ Ke6 50.Kg4 g6
51.f4  1/2-1/2

[Event "21st World Seniors"]
[Site "Rijeka CRO"]
[Date "2011.11.26"]
[Round "11.33"]
[White "Zhelesny,S"]
[Black "Trois,F"]
[Result "1/2-1/2"]
[WhiteElo "2159"]
[BlackElo "2275"]

1.Nf3 d5 2.g3 c6 3.Bg2 Nf6 4.b3 Bf5 5.O-O e6 6.Bb2 h6 7.d3 Be7 8.Nbd2 O-O
9.Re1 Bh7 10.e4 a5 11.a3 Nbd7 12.e5 Ne8 13.Nf1 Nc7 14.Ne3 a4 15.b4 c5 16.bxc5 Nxc5
17.d4 Nd7 18.Nd2 b5 19.Bf1 Nb6 20.Bc3 Qd7 21.Qb1 Nc4 22.Bb4 Rfc8 23.Bd3 Rab8
24.Bxh7+ Kxh7 25.c3+  1/2-1/2

[Event "45th ch-RSA 2011"]
[Site "Cape Town RSA"]
[Date "2011.11.27"]
[Round "3"]
[White "Kobese,W"]
[Black "Hercules,B"]
[Result "1-0"]
[WhiteElo "2355"]
[BlackElo "2056"]

1.Nf3 d5 2.g3 e6 3.Bg2 Nf6 4.O-O Be7 5.c4 O-O 6.b3 c6 7.Bb2 b6 8.d3 Nbd7
9.Nbd2 Qc7 10.Rc1 Bb7 11.Rc2 Rac8 12.cxd5 Nxd5 13.a3 Qb8 14.Qa1 N5f6 15.Ne5 Nxe5
16.Bxe5 Qa8 17.b4 Rcd8 18.Nb3 Ne8 19.Rfc1 Rd7 20.Rc4 Nf6 21.R1c2 Rdd8 22.Bb2 h6
23.Qc1 Nd5 24.Rg4 Bg5 25.Qa1 f5 26.Rgc4 Ba6 27.Bxg7 Rd7 28.Be5 Bxc4 29.Rxc4 Kf7
30.h4 Bf6 31.Bxf6 Nxf6 32.Qc1 Qb8 33.Bxc6 Rd6 34.b5 Kg7 35.Nd4 Rf7 36.Qe3 Qc8
37.Qe5  1-0